Vista normal
Vista MARC
Entrada Topical Term
Número de registros utilizados en: 1
001 - CONTROL NUMBER
- control field: 64578
003 - CONTROL NUMBER IDENTIFIER
- control field: OSt
005 - DATE AND TIME OF LATEST TRANSACTION
- control field: 20250901213205.0
008 - FIXED-LENGTH DATA ELEMENTS
- fixed length control field: 250901|| aca||aabn | a|a d
040 ## - CATALOGING SOURCE
- Original cataloging agency: OSt
- Transcribing agency: OSt
150 ## - HEADING--TOPICAL TERM
- Topical term or geographic name entry element: Cuentos clásicos en la literatura
670 ## - SOURCE DATA FOUND
- Source citation: Work cat.: (OSt)58988: Scieszka, Jon 1954- aut 37791, ¡La auténtica historia de los tres cerditos! /